000 02324cam a2200493 i 4500
001 200468055
003 TR-AnTOB
005 20260413084911.0
007 ta
008 260413t19611961nyuac b 000 0 eng
010 _a 61009123
015 _aGB6111843
_2bnb
016 _a(AMICUS)000001173137
016 7 _aBA04252064
_2JP-ToKJK
016 7 _a012211731
_2Uk
035 _a(CLU)3429079-ucladb-Voyager
035 _a(OCoLC)00964921
_z(OCoLC)382900
_z(OCoLC)847152898
_z(OCoLC)1145229593
_z(OCoLC)1153183945
_z(OCoLC)1166580715
_z(OCoLC)1224888825
_z(OCoLC)1231489462
_z(OCoLC)1298256853
035 _a(OCoLC)ocm00964921
035 _a(EXLNZ-01UCS_NETWORK)9912589325506531
035 _a(TR-AnTOB)200468055
040 _aDLC
_beng
_erda
_cDLC
_dUKM
_dBTCTA
_dLVB
_dZWZ
_dOKR
_dDEBBG
_dGBVCP
_dTUU
_dTMJ
_dOCLCF
_dOCLCQ
_dPRN
_dOCLCQ
_dOCLCO
_dFC@
_dNLC
_dOCLCA
_dLUE
_dOCLCO
_dOCLCQ
_dXFF
_dOCLCQ
_dGILDS
_dTYC
_dOCLCQ
_dOCLCO
_dCCH
_dOCLCQ
_dOCLCO
_dUKMGB
_dOCLCO
_dJ9U
_dOCLCO
_dOCLCL
_dOCLCQ
_dYBM
_dOCLCO
_dMMM
_dU9X
_dOCLCL
_dOCLCQ
_dOCLCO
_dTR-AnTOB
041 0 _aeng
043 _an-us-nc
050 0 0 _aPS3545.O337
_bZ9 1961
090 _aPS3545.O337
_bZ9 1961
100 1 _aWalser, Richard,
_d1908-1988
_eauthor
_4aut
_0http://id.loc.gov/authorities/names/n80057390
_9153565
245 1 0 _aThomas Wolfe :
_ban introduction and interpretation /
_cRichard Walser.
264 1 _aNew York :
_bBarnes & Noble,
_c[1961]
264 4 _c©1961
300 _avii, 152 pages
_billustrations, portraits
_c21 cm
336 _atext
_btxt
_2rdacontent
337 _aunmediated
_bn
_2rdamedia
338 _avolume
_bnc
_2rdacarrier
490 0 _aAmerican authors and critics series ;
_vAC1
504 _aBIB
505 0 _aAmerica and poetry -- Biographical -- "Look homeward, angel" -- "Of time and the river" -- "The web and the rock" -- "You can't go home again" -- Other writings.
520 _aThomas Wolfe's life and career are surveyed, showing his standing in his tradition of American literature, underlined by a commentary on his novels and other writings.
600 1 0 _aWolfe, Thomas,
_d1900-1938
_xCriticism and interpretation
_9153561
650 0 _aAutobiographical fiction, American
_xHistory and criticism
_9153562
651 0 _aNorth Carolina
_xIn literature
_9153563
942 _2lcc
_cBK
999 _c200468055
_d86267